Welcome to WEB OPAC of MRSPTU Central Library

Urban and Regional Planning (Record no. 10452)

MARC details
000 -LEADER
fixed length control field 00428nam a22001817a 4500
003 - CONTROL NUMBER IDENTIFIER
control field OSt
005 - DATE AND TIME OF LATEST TRANSACTION
control field 20241120104928.0
008 - FIXED-LENGTH DATA ELEMENTS--GENERAL INFORMATION
fixed length control field 241120b |||||||| |||| 00| 0 eng d
040 ## - CATALOGING SOURCE
Transcribing agency MRSPTU
041 ## - LANGUAGE CODE
Language code of text/sound track or separate title ENG
082 ## - DEWEY DECIMAL CLASSIFICATION NUMBER
Classification number 307.12
Item number MC-U
100 ## - MAIN ENTRY--PERSONAL NAME
Personal name McLoughlin , J. Brian
245 ## - TITLE STATEMENT
Title Urban and Regional Planning
260 ## - PUBLICATION, DISTRIBUTION, ETC.
Place of publication, distribution, etc. Jaipur
Name of publisher, distributor, etc. Rawat Pub.
Date of publication, distribution, etc. 2019
300 ## - PHYSICAL DESCRIPTION
Extent 331
650 ## - SUBJECT ADDED ENTRY--TOPICAL TERM
Topical term or geographic name entry element Architecture
942 ## - ADDED ENTRY ELEMENTS (KOHA)
Source of classification or shelving scheme Dewey Decimal Classification
Koha item type Book
Suppress in OPAC No
Holdings
Withdrawn status Lost status Source of classification or shelving scheme Damaged status Not for loan Home library Current library Date acquired Total checkouts Full call number Barcode Date last seen Price effective from Koha item type
    Dewey Decimal Classification     MRSPTU Central Library MRSPTU Central Library 11/20/2024   307.12 MC-U 41863 11/20/2024 11/20/2024 Book
    Dewey Decimal Classification     MRSPTU Central Library MRSPTU Central Library 11/20/2024   307.12 MC-U 41864 11/20/2024 11/20/2024 Book

Website Designed and Developed by MRSPTU Central Library Team

E-mail Id: librarian@mrsptu.ac.in